[Event "N4 - Ramonville2/Tournefeuille2"]
[Site "?"]
[Date "2007.11.25"]
[Round "2"]
[White "Bedos, Michel"]
[Black "De Barros, Frederic"]
[Result "1/2-1/2"]
[WhiteElo "2286"]
[BlackElo "2132"]
[EventDate "2007.09.26"]
[PlyCount "71"]

1.d4 Nf6 2.c4 e6 3.Nf3 d5 4.Nc3 Nbd7 5.cxd5 exd5 6.Bg5 Bb4 7.Nd2 
    ( 7.e3 c5 8.Be2 Qa5 9.O-O Bxc3 10.bxc3 Qxc3 $6 
        ( 10...O-O 11.Qc2 )
    11.Rc1 Qa5 12.Bxf6 Nxf6 13.Rxc5 Qxa2 14.Bb5+ Bd7 15.Bxd7+ Nxd7 16.Rc7 
    {avec une forte initiative blanche} )
7...Bxc3 $146 
    ( 7...Be7 8.e3 O-O 9.Be2 b6 10.b4 c5 11.bxc5 bxc5 12.dxc5 Nxc5 13.O-O 
    Ne6 14.Nf3 Nxg5 15.Nxg5 Qa5 16.Nb5 Bd7 17.Nd4 Ne4 18.Nxe4 dxe4 19.Qc2 
    {1/2-1/2 Ivanchuk,V (2740)-Kramnik,V (2740)/Monte Carlo 1997} )
    ( 7...c6 8.e3 O-O 9.Bd3 Re8 10.O-O Nf8 11.a3 Bd6 12.e4 dxe4 13.Ndxe4 
    Be7 14.Bxf6 Bxf6 15.Nxf6+ Qxf6 16.d5 Rd8 17.Be4 Be6 18.Qb3 cxd5 19.
    Bxd5 Rd7 20.Rad1 Rad8 21.Rfe1 h6 22.h3 {1/2-1/2 Dreev,A 
    (2705)-Zvjaginsev,V (2649)/Sochi 2005} )
8.bxc3 c5 9.e3 Qa5 10.Qc2 c4 $5 {une decision importante par rapport a la 
structure de pions.les Noirs valident leur avantage d'espace sur l'aile 
dame et enferment le fou de cases blanches des Blancs mais permettent un 
coup de rupture e3-e4 qui peut s'averer tres genant.} 11.Be2 
    ( {mon adversaire craignait la rupture immediate mais les Noirs 
    semblent tenir, par exemple:} 11.e4 $5 dxe4 12.Nxe4 Qd5 $1 13.Nxf6+ 
    Nxf6 14.Bxf6 gxf6 {et les Blancs peinent a se developper a cause de la
    pression sur g2 et de la grande mobilite des Noirs.} 15.f3 O-O 16.Be2 
    Bf5 17.Qd2 Rfe8 18.O-O b5 19.f4 b4 $1 20.cxb4 $2 c3 {avec des 
    problemes sur le Fe2 et le pion d4.} )
11...O-O 12.O-O Re8 13.Bf3 
    ( 13.Rfb1 $5 )
13...Ne4 14.Bxe4 dxe4 15.Bf4 Qd5 16.a4 
    ( {sur l'immediat} 16.Rfb1 {je craignais que les Noirs ne puissent 
    consolider par} 16...b5 17.a4 Ba6 18.axb5 Bxb5 {avec un a7-a6 
    verrouillant l'aile dame mais j'ai oublie} 19.Nxe4 $1 {et la dame est 
    surchargee. La suite active avec} 19...Bc6 20.f3 Qf5 {se heurte au 
    meme probleme de surcharge.} 21.Rb4 Bxe4 22.fxe4 Rxe4 23.Qa4 )
16...Nf6 17.Rfb1 Bd7 18.Rb4 
    ( 18.Qa2 {est possible aussi} 18...Rac8 19.Rb4 b6 20.Be5 Ng4 21.Bg3 )
18...Rac8 19.Qb1 b6 20.h3 
    ( 20.Be5 $5 Rxe5 21.dxe5 Qxd2 22.exf6 Qxc3 23.fxg7 {mais les Noirs ont
    des compensations pour la qualite avec le pion c.} )
20...Nh5 21.Bh2 f5 22.Qa2 Be6 23.Rb5 Qd8 24.Re5 
    ( {J'ai vu} 24.Nxe4 $1 {mais je n'ai pas reussi a determiner si ma 
    tour s'en sortait apres} 24...a6 
        ( 24...Bd7 $6 25.Nd6 Bxb5 26.axb5 $16 )
    25.Re5 g6 26.Nd2 Nf6 {avec la menace Cd7. Oui grace a} 27.e4 $1 )
24...Nf6 $11 {trop tard!} 25.a5 
    ( {En fait les Noirs ont stabilise la position et il faut songer 
    maintenant a des coups raisonnables comme} 25.Bg3 Nd5 26.Rc1 $11 )
25...Nd5 26.axb6 axb6 
    ( 26...Nxc3 $2 27.Qxa7 )
27.Qb2 b5 $1 {Un coup imprevu lorsque j'ai joue 25. a5.} 28.Qxb5 
    ( {J'ai considere aussi} 28.Ra6 b4 29.Raxe6 $2 
        ( {meilleur est} 29.Nxe4 fxe4 30.Rexe6 Rxe6 31.Rxe6 b3 $15 )
    29...Rxe6 30.Rxe6 bxc3 31.Qc1 cxd2 32.Qxd2 c3 $19 )
28...Nxc3 29.Qa6 
    ( 29.Qb7 {est peut-etre plus solide} 29...Re7 30.Qa6 )
29...Ra8 
    ( {Je craignais} 29...Bd5 {mais ce n'est pas si grave.} 30.Qa5 $1 Rxe5
        ( 30...Qxa5 $6 31.Rxe8+ Rxe8 32.Rxa5 Rd8 33.Be5 $14 )
    31.Bxe5 Qxa5 32.Rxa5 Nb5 33.Rxb5 c3 34.Nb3 Bxb3 35.Rc5 $1 Rxc5 36.dxc5
    c2 37.Bb2 Bc4 38.f3 $11 )
30.Rxe6 $5 {ou plutot ?! Un essai de brouiller les cartes} 
    ( {Je croyais} 30.Qxa8 Qxa8 31.Rxa8 Rxa8 {nettement inferieur pour les
    Blancs mais il semble que} 32.g4 $1 Ra1+ 33.Kg2 Rd1 34.gxf5 Bf7 35.Rc5
    Rxd2 36.Rc8+ Be8 37.Rxe8+ Kf7 38.Rc8 Nd5 39.Kf1 c3 40.Ke1 Rc2 {soit 
    finalement equilibre.} )
30...Rxa6 31.Rexa6 Qd5 
    ( 31...Ne2+ $1 {eut sonne comme une refutation!} 32.Kf1 Nxd4 33.exd4 
        ( 33.Nxc4 Nc2 )
    33...Qxd4 34.Bf4 c3 35.R6a2 cxd2 36.Bxd2 {avec de longues souffrances 
    en perspective.} )
32.Rd6 $2 
    ( {meilleur eut ete} 32.R6a5 Nb5 33.Nb1 Qc6 34.Na3 Nxa3 35.R1xa3 Qb6 
    36.Be5 )
32...Qb5 33.Ra7 {l'active pour l'arnaque sur la 7eme rangee...} 33...Ne2+ 
34.Kh1 
    ( 34.Kf1 c3 )
34...Qb2 $2 
    ( 34...c3 $1 {eut sonne le glas des espoirs blancs} 35.Rdd7 Qxd7 $1 )
35.g4 {seul coup!} 35...Qxd2 
    ( 35...Nxd4 $5 {garde des chances de gain! Il aurait fallu que je 
    trouve} 36.Be5 $1 Qc1+ 37.Kg2 Nf3 38.Nxf3 exf3+ 39.Kxf3 $13 )
36.Rdd7 {avec echec perpetuel grace a la 7eme rangee..ouf!} 1/2-1/2

[Event "Régionale 1 - Muret2/Albi2"]
[Site "GAMBIT"]
[Date "2007.11.25"]
[Round "?"]
[White "De Baralle, Michel"]
[Black "Boukhris, Khaled"]
[Result "1/2-1/2"]
[WhiteElo "1656"]
[BlackElo "1836"]
[EventDate "2007.??.??"]
[PlyCount "133"]

1.d4 Nf6 2.c4 g6 3.Nc3 Bg7 4.e4 d6 5.Be2 O-O 6.Bg5 Nbd7 7.Qd2 e5 8.d5 a5 
9.h4 Nc5 10.f3 Bd7 11.g4 Qe8 12.h5 Qe7 13.hxg6 fxg6 14.Bh6 Ra6 15.Bxg7 
Qxg7 16.Nh3 Rb6 17.Nf2 Be8 18.Nd3 Nxd3+ 19.Bxd3 Nd7 20.Be2 Nc5 21.O-O-O 
Qf6 22.Rh2 a4 23.Rdh1 Rf7 24.Rh3 a3 25.Nb5 axb2+ 26.Kxb2 c6 27.dxc6 bxc6 
28.Ka1 cxb5 29.Rb1 Qf4 30.Qxf4 Rxf4 31.cxb5 Bd7 32.Rhh1 Be6 33.Rb4 Rf8 34.
Rhb1 Ra8 35.R1b2 Ra3 36.Bc4 Bxc4 37.Rxc4 Rxf3 38.a4 Nb3+ 39.Ka2 Na5 40.
Rc8+ Kg7 41.Ra8 Nc4 42.Rc2 Ra3+ 43.Kb1 Rb3+ 44.Ka2 Rb4 45.g5 Rb7 46.Rf2 
Rf7 47.Rxf7+ Kxf7 48.Ra7+ Ke6 49.Rxh7 Rxa4+ 50.Kb3 d5 51.exd5+ Kxd5 52.
Kxa4 e4 53.Rd7+ Nd6 54.b6 Kc6 55.Re7 Kxb6 56.Kb4 Kc6 57.Kc3 Kd5 58.Rg7 Nc4
59.Rd7+ Ke6 60.Rd1 Ne3 61.Re1 Nd5+ 62.Kd4 e3 63.Kd3 Ke5 64.Rb1 e2 65.Re1 
Nf4+ 66.Kd2 Ke4 67.Rg1 1/2-1/2

[Event "N4 - CEIT3-Foix"]
[Site "?"]
[Date "2007.11.25"]
[Round "2"]
[White "Verwaerde, Jolanthe"]
[Black "Rigal, Samy"]
[Result "1/2-1/2"]
[WhiteElo "1540"]
[BlackElo "1667"]
[EventDate "2007.??.??"]
[PlyCount "71"]

1.e4 e5 2.Nf3 Nc6 3.d4 exd4 4.Bc4 d6 5.O-O Nf6 6.Re1 Bg4 7.c3 dxc3 8.Nxc3 
Be7 9.Bf4 O-O 10.Qd3 Na5 11.Bb3 Nxb3 12.axb3 Re8 13.Nd4 Nd7 14.Qg3 Bh5 15.
Nf5 Bf6 16.Rab1 Bg6 17.Re3 Nc5 18.Qg4 Nxb3 19.Re2 Bxf5 20.exf5 Rxe2 21.
Qxe2 Nd4 22.Qd3 Nc6 23.Rd1 Be5 24.Bxe5 Nxe5 25.Qe4 Nc6 26.Nd5 Kf8 27.Re1 
Qd7 28.f6 g6 29.Ne7 Re8 30.Qh4 Rxe7 31.fxe7+ Nxe7 32.Qxh7 d5 33.Qh6+ Kg8 
34.Qe3 Kf8 35.Qh6+ Kg8 36.Qe3 1/2-1/2

[Event "N4 - CEIT3-Foix"]
[Site "?"]
[Date "2007.11.25"]
[Round "2"]
[White "Sonko, Babacar"]
[Black "Carinola, Raphael"]
[Result "1/2-1/2"]
[WhiteElo "1810"]
[BlackElo "1550"]
[EventDate "2007.??.??"]
[PlyCount "50"]

1.e4 c5 2.Nf3 e6 3.d4 cxd4 4.c3 dxc3 5.Nxc3 Nc6 6.Bc4 d6 7.O-O Nf6 8.Bg5 
Be7 9.Qe2 O-O 10.Rfd1 Qb6 11.Bxf6 Bxf6 12.Rxd6 Nd4 13.Rxb6 Nxe2+ 14.Bxe2 
axb6 15.e5 Be7 16.Rd1 Rd8 17.Rxd8+ Bxd8 18.Bb5 Be7 19.a4 Kf8 20.Nd2 Bc5 
21.Nce4 Ke7 22.Nc4 Bd7 23.Bxd7 Kxd7 24.Nxc5+ Kc6 
    ( 24...bxc5 25.Nb6+ Kc6 26.Nxa8 b6 27.Kf1 Kb7 28.Nxb6 Kxb6 $18 )
25.Nb3 Rxa4 1/2-1/2

[Event "N4 - CEIT3-Foix"]
[Site "?"]
[Date "2007.11.25"]
[Round "2"]
[White "Carinola, Marco"]
[Black "Roziere, Jean-Louis"]
[Result "0-1"]
[WhiteElo "1590"]
[BlackElo "1850"]
[EventDate "2007.??.??"]
[PlyCount "114"]

1.c4 Nf6 2.Nf3 e6 3.d4 Bb4+ 4.Nc3 O-O 5.a3 Bxc3+ 6.bxc3 b6 7.e3 Bb7 8.Be2 
d6 9.O-O Nbd7 10.Nd2 e5 11.Qc2 Re8 12.a4 a5 13.Ba3 Ba6 14.Bf3 Rb8 15.Rfe1 
Bb7 16.d5 Nf8 17.Ne4 N8d7 18.Ng3 g6 19.e4 h5 20.Bc1 h4 21.Nf1 Nh7 22.h3 
Ba6 23.Be2 Nc5 24.Ne3 Bc8 25.Ng4 Bxg4 26.Bxg4 Qf6 27.Be3 Nb7 28.Qd2 Qh8 
29.f4 Nf6 30.Bf3 Nd7 31.fxe5 Nxe5 32.Be2 Nc5 33.Bxc5 dxc5 34.Qf4 Rbd8 35.
Rac1 Rd6 36.Rf1 Kg7 37.Rcd1 Qh6 38.Qxh6+ Kxh6 39.Rf4 Kg5 40.Rdf1 Re7 41.
Kh2 Re8 42.Kg1 Rf8 43.R4f2 f6 44.Re1 f5 45.exf5 Rxf5 46.Ref1 Rdf6 47.Rxf5+
Rxf5 48.Rxf5+ gxf5 49.Kf2 Kf4 50.Bf1 Nd7 51.Bd3 Nf6 52.Ke2 Ne4 53.Bxe4 
fxe4 54.Kd2 Kg3 55.Ke3 Kxg2 56.Kxe4 Kxh3 57.Kf4 Kg2 0-1

[Event "N4 - CEIT3-Foix"]
[Site "?"]
[Date "2007.11.25"]
[Round "2"]
[White "Dhorne, Sébastien"]
[Black "Pprtet, Benoit"]
[Result "1-0"]
[WhiteElo "1999"]
[BlackElo "1640"]
[EventDate "2007.??.??"]
[PlyCount "67"]

1.d4 d5 2.c4 c6 3.Nc3 Nf6 4.Nf3 e6 5.Bg5 Nbd7 6.e3 Qa5 7.Nd2 dxc4 8.Bxf6 
Nxf6 9.Nxc4 Qc7 10.Be2 Nd5 11.e4 Nf4 12.Bf3 b5 13.Ne3 Ba6 14.O-O b4 15.Ne2
Nxe2+ 16.Bxe2 Bxe2 17.Qxe2 Qb6 18.Rfd1 Rd8 19.Nc4 Qb5 20.Rac1 Be7 21.b3 
O-O 22.Rd3 Rd7 23.Rcd1 Rfd8 24.Qf3 Bf6 25.e5 Be7 26.Qg4 c5 27.d5 Rxd5 28.
Rxd5 Rxd5 29.Rxd5 exd5 30.Qc8+ Bf8 31.e6 fxe6 32.Qxe6+ Kh8 33.Ne5 g6 34.
Qf6+ 1-0

[Event "N4 - CEIT3-Foix"]
[Site "?"]
[Date "2007.11.25"]
[Round "2"]
[White "Verwaerde, Hervé"]
[Black "Ratsiambahotra, Tahiry"]
[Result "0-1"]
[WhiteElo "1630"]
[BlackElo "1970"]
[EventDate "2007.??.??"]
[PlyCount "74"]

1.e4 c5 2.b4 cxb4 3.a3 d5 4.e5 Bf5 5.axb4 Nc6 6.Bb5 e6 7.c3 Ne7 8.Nf3 h6 
9.d4 Qb6 10.Ba4 Bh7 11.O-O Nf5 12.Bd2 Be7 13.Na3 g5 14.g4 Ng7 15.Nb5 O-O 
16.Na3 f5 17.h3 fxg4 18.hxg4 Rf7 19.Bc2 Raf8 20.Bxh7+ Kxh7 21.Nh2 Nxb4 22.
cxb4 Qxd4 23.Be3 Qxe5 24.Qd3+ Kg8 25.Rae1 Bd6 26.f4 Qb2 27.Bd4 Qxb4 28.
Bxg7 Rxg7 29.Rxe6 Qxa3 30.Qxd5 Qc5+ 31.Qxc5 Bxc5+ 32.Kg2 Rxf4 33.Rc1 b6 
34.Rxh6 Rgf7 35.Rg6+ Kh7 36.Rxg5 Rf2+ 37.Kg3 Bd6+ 0-1

[Event "N4 - CEIT3-Foix"]
[Site "?"]
[Date "2007.11.25"]
[Round "2"]
[White "Noel, Nicolas"]
[Black "Evrard, Emmanuel"]
[Result "0-1"]
[WhiteElo "1920"]
[BlackElo "1820"]
[EventDate "2007.??.??"]
[PlyCount "60"]

1.e4 d6 2.d4 Nf6 3.Bd3 g6 4.Ne2 Bg7 5.f3 O-O 6.Be3 Nc6 7.Qd2 Re8 8.Nbc3 a6
9.g4 b5 10.Ng3 Bxg4 11.fxg4 Nxg4 12.Nce2 Nb4 13.c3 Nxd3+ 14.Qxd3 Nxe3 15.
Qxe3 c6 16.O-O-O Qb6 17.Rhf1 e5 18.Qf3 Ra7 19.d5 c5 20.h4 c4 21.h5 b4 22.
Rh1 Bh6+ 23.Kb1 Be3 24.cxb4 Rb7 25.Rh2 Qxb4 26.Nc1 Bf4 27.Rg1 Reb8 28.Qe2 
c3 29.Nd3 Qd4 30.b3 Qxg1+ 0-1

[Event "N4 - CEIT3-Foix"]
[Site "?"]
[Date "2007.11.25"]
[Round "2"]
[White "Masot, Liberto"]
[Black "Mohtaji, Javad"]
[Result "1-0"]
[WhiteElo "1742"]
[BlackElo "2006"]
[EventDate "2007.??.??"]
[PlyCount "97"]

1.d4 Nf6 2.Nc3 d5 3.Bg5 Nbd7 4.e3 g6 5.f4 Bg7 6.Nf3 c6 7.Bd3 Qc7 8.O-O Ng4
9.Qe1 f5 10.h3 Ngf6 11.Bxf6 Nxf6 12.Ne2 Be6 13.c3 Bf7 14.Bc2 e6 15.Nc1 h6 
16.Nd3 Ne4 17.Nde5 Bf6 18.Bxe4 fxe4 19.Nxf7 Qxf7 20.Ne5 Qg7 21.Kh2 O-O-O 
22.Qe2 h5 23.Rac1 g5 24.g3 Rdg8 25.Rg1 Qc7 26.g4 h4 27.Rgf1 Rh7 28.c4 Kb8 
29.b4 b6 30.a4 Rf8 31.cxd5 Bxe5 32.fxe5 Rxf1 33.Rxf1 cxd5 34.Rf8+ Kb7 35.
Rf6 Qe7 36.Qd2 Rf7 37.Qf2 Rg7 38.Qd2 a6 39.Kg2 Rg8 40.b5 Rc8 41.Qf2 Rc7 
42.bxa6+ Kxa6 43.Qf1+ Rc4 44.Rf8 Qc7 45.Rf2 Qc6 46.Rf8 Ka5 47.Qe1+ Kxa4 
48.Qd1+ Rc2+ 49.Rf2 1-0

[Event "N4 - CEIT3-Foix"]
[Site "?"]
[Date "2007.11.25"]
[Round "2"]
[White "Ollivier, Gaël"]
[Black "Lanllier, Bruno"]
[Result "1-0"]
[WhiteElo "2097"]
[BlackElo "1930"]
[EventDate "2007.??.??"]
[PlyCount "117"]

1.e4 e6 2.d3 d5 3.Nd2 Nf6 4.Ngf3 c5 5.g3 b6 6.Bg2 Bb7 7.e5 Nfd7 8.O-O Nc6 
9.Re1 Be7 10.Nf1 Qc7 11.Bf4 h6 12.h4 O-O-O 13.c3 Rdg8 14.h5 g5 15.hxg6 
fxg6 16.g4 g5 17.Bg3 h5 18.d4 Nf8 19.gxh5 g4 20.N3h2 Rxh5 21.Nxg4 Rhg5 22.
Nfe3 Bd8 23.b4 c4 24.a4 R5g6 25.Bh3 Qh7 26.Kg2 Bh4 27.a5 b5 28.a6 Ba8 29.
Qf3 Bxg3 30.fxg3 Qg7 31.Rf1 Nh7 32.Qf7 Ng5 33.Qxg7 R6xg7 34.Nf6 Rh8 35.Rh1
Nxh3 36.Rxh3 Rxh3 37.Kxh3 Kd8 38.g4 Ne7 39.Rf1 Bc6 40.Kh4 Be8 41.Nxe8 Kxe8
42.Rf6 Kd7 43.Nc2 Rh7+ 44.Kg3 Rh1 45.Na3 Ra1 46.Nxb5 Rxa6 47.Nd6 Ra3 48.
Rf3 a5 49.bxa5 Rxa5 50.Nb7 Ra1 51.Nc5+ Ke8 52.Nxe6 Rd1 53.Ng7+ Kd7 54.Nf5 
Rg1+ 55.Kf4 Nc6 56.Rh3 Rf1+ 57.Kg5 Rc1 58.Kf6 Nd8 59.Rh7+ 1-0

[Event "NIV-Colomiers/Albi"]
[Site "Colomiers"]
[Date "2007.11.25"]
[Round "2.8"]
[White "Fabre, Philippe"]
[Black "Artis, François"]
[Result "1/2-1/2"]
[WhiteElo "1722"]
[BlackElo "1820"]
[EventDate "2007.??.??"]
[PlyCount "70"]

1.e4 c6 2.d4 d5 3.Nc3 dxe4 4.Nxe4 Bf5 5.Ng3 Bg6 6.h4 h6 7.Nf3 Nd7 8.h5 Bh7
9.Bd3 Bxd3 10.Qxd3 Ngf6 11.Bd2 e6 12.Ne4 Qc7 13.g3 Nxe4 14.Qxe4 Nf6 15.Qe2
O-O-O 16.O-O-O Bd6 17.Kb1 Rhe8 18.c4 Qe7 19.Ne5 Bxe5 20.dxe5 Nd7 21.Ba5 b6
22.Bd2 Kb7 23.f4 Nb8 24.Be3 c5 25.Qf3+ Nc6 26.g4 Rxd1+ 27.Rxd1 Rd8 28.a3 
Kc7 29.Kc2 Rd7 30.Rxd7+ Qxd7 31.Qe4 Qd8 32.g5 Ne7 33.gxh6 gxh6 34.Qh7 Qf8 
35.Qd3 Qd8 1/2-1/2

[Event "NIV-Colomiers/Albi"]
[Site "Colomiers"]
[Date "2007.11.25"]
[Round "2.6"]
[White "Daourbekov, Said"]
[Black "Ouerk, Yanis"]
[Result "0-1"]
[WhiteElo "1700"]
[BlackElo "1875"]
[EventDate "2007.??.??"]
[PlyCount "76"]

1.e4 c5 2.c4 Nc6 3.Nf3 g6 4.Nc3 Bg7 5.a3 d6 6.h3 Nf6 7.d3 O-O 8.Be2 e6 9.
O-O h6 10.Be3 b6 11.Rb1 d5 12.exd5 exd5 13.d4 cxd4 14.Nxd4 Ne5 15.cxd5 
Nxd5 16.Qd2 Nxe3 17.fxe3 Bb7 18.Rbd1 Qe7 19.Nf3 Rad8 20.Nd4 Qg5 21.Rf2 h5 
22.Qc1 Bh6 23.Nf3 Bxf3 24.Bxf3 Qxe3 25.Qc2 Nd3 26.Nd5 Qxf2+ 27.Qxf2 Nxf2 
28.Kxf2 Kg7 29.Re1 Rfe8 30.Rd1 Rc8 31.b3 Rc2+ 32.Kg3 Bd2 33.h4 Re1 34.Kf2 
Bc3+ 35.Kg3 Be5+ 36.Kh3 Rxd1 37.Bxd1 Rc1 38.Ne3 Rc3 0-1

[Event "NIV-Colomiers/Albi"]
[Site "Colomiers"]
[Date "2007.11.25"]
[Round "2.4"]
[White "Shegerin, Andre"]
[Black "Moiseyev, Vlas"]
[Result "1/2-1/2"]
[WhiteElo "1830"]
[BlackElo "1937"]
[EventDate "2007.??.??"]
[PlyCount "101"]

1.Nf3 Nf6 2.g3 d5 3.c4 e6 4.d4 Be7 5.Bg2 O-O 6.cxd5 exd5 7.O-O c6 8.Bg5 
Nbd7 9.Nbd2 Re8 10.e3 h6 11.Bxf6 Nxf6 12.Qc2 Bd6 13.Rac1 a5 14.a4 Bg4 15.
h3 Bh5 16.Nh4 Bxg3 17.fxg3 Rxe3 18.Ndf3 Ne4 19.Rce1 Rxe1 20.Rxe1 Nxg3 21.
Qf2 Ne4 22.Qe3 g5 23.Ne5 gxh4 24.Bxe4 dxe4 25.Kh1 Kh7 26.Qxe4+ Bg6 27.Nxg6
fxg6 28.Qe7+ Qxe7 29.Rxe7+ Kg8 30.Rxb7 Rd8 31.Ra7 Rxd4 32.Rxa5 Kf7 33.Rc5 
Rxa4 34.Rxc6 Rb4 35.Rc2 Ke6 36.Rf2 Ke5 37.Kg2 Rb6 38.Rc2 Kd4 39.Re2 g5 40.
Rf2 Kc4 41.Rd2 Rb3 42.Rf2 h5 43.Kh2 Rb5 44.Kg2 Kd4 45.Rc2 g4 46.Rf2 Ke4 
47.Rc2 Rb3 48.hxg4 hxg4 49.Rc4+ Ke3 50.Rxg4 Rxb2+ 51.Kh3 1/2-1/2

[Event "NIV-Colomiers/Albi"]
[Site "Colomiers"]
[Date "2007.11.25"]
[Round "2.2"]
[White "Hoareau, Nicolas"]
[Black "Genestous, Patrick"]
[Result "0-1"]
[WhiteElo "2010"]
[BlackElo "2175"]
[EventDate "2007.??.??"]
[PlyCount "38"]

1.d4 d5 2.Nf3 c6 3.b3 Bf5 4.Bb2 Nf6 5.e3 e6 6.Ne5 Nbd7 7.g4 Be4 8.f3 Nxe5 
9.dxe5 Nxg4 10.fxe4 Qh4+ 11.Kd2 Nxe3 12.Qf3 Bc5 13.exd5 Nxd5 14.Bd3 Qg5+ 
15.Ke1 O-O-O 16.Nd2 Bb4 17.Rd1 Ne3 18.h4 Qh6 19.Rb1 Nxc2+ 0-1

[Event "NIV-Colomiers/Albi"]
[Site "Colomiers"]
[Date "2007.11.25"]
[Round "2.1"]
[White "Bollengier, Andreea"]
[Black "Pierre, Thimoté"]
[Result "0-1"]
[WhiteElo "2226"]
[BlackElo "1928"]
[EventDate "2007.??.??"]
[PlyCount "60"]

1.e4 e5 2.Nf3 Nc6 3.Bb5 a6 4.Ba4 d6 5.c3 Bd7 6.O-O Nf6 7.Qe2 h6 8.d4 Ne7 
9.dxe5 dxe5 10.Nxe5 Bxa4 11.Qc4 Qd6 12.Bf4 O-O-O 13.Qxa4 Nh5 14.Nxf7 Qxf4 
15.Nxh8 g5 16.Na3 Qf6 17.Rad1 Rxd1 18.Rxd1 Nc6 19.Qc4 Bxa3 20.bxa3 Qxh8 
21.Qf7 Nf4 22.Kf1 Kb8 23.g3 Nh3 24.Qf5 Qc8 25.Qf6 Qg4 26.Re1 h5 27.Qf8+ 
Qc8 28.Qg7 Qe8 29.Kg2 g4 30.Re3 Qe5 0-1

[Event "NIV-Colomiers2/Ste Foy"]
[Site "Colomiers"]
[Date "2007.11.25"]
[Round "2.7"]
[White "Pichot, Benjamin"]
[Black "Adjari, Emmanuel"]
[Result "0-1"]
[WhiteElo "1200"]
[BlackElo "1514"]
[EventDate "2007.??.??"]
[PlyCount "81"]

1.e4 c5 2.Nc3 e6 3.Nf3 Nc6 4.Bb5 a6 5.Bxc6 bxc6 6.O-O Nf6 7.d3 Be7 8.Bf4 
O-O 9.Nd2 d5 10.e5 Nd7 11.Qg4 f5 12.exf6 Nxf6 13.Qg3 Nh5 14.Bc7 Qd7 15.Qe5
Rf5 16.Qe2 Qxc7 17.Nf3 Nf4 18.Qd2 Ng6 19.Ne2 e5 20.Ng3 Rf7 21.Rae1 Bg4 22.
Ng5 Bxg5 23.Qxg5 Bd7 24.h4 Qd8 25.Qe3 Qxh4 26.Qxc5 Qe7 27.Qc3 a5 28.d4 Qb4
29.Qxb4 axb4 30.dxe5 Re8 31.Re3 Rxe5 32.Rb3 c5 33.Rd3 Bb5 34.c4 bxc3 35.
Rxc3 Bxf1 36.Kxf1 d4 37.Rd3 Nf4 38.Rd2 Rfe7 39.Kg1 Ne2+ 40.Kh2 Nxg3 41.
fxg3 0-1

[Event "NIV-Colomiers2/Ste Foy"]
[Site "Colomiers"]
[Date "2007.11.25"]
[Round "2.6"]
[White "Deliot, Philippe"]
[Black "Maraval, Yves"]
[Result "1-0"]
[WhiteElo "1550"]
[BlackElo "1500"]
[EventDate "2007.??.??"]
[PlyCount "96"]

1.e4 c6 2.d4 d5 3.Nc3 dxe4 4.Nxe4 Bf5 5.Ng3 Bg6 6.h4 h6 7.Nf3 Nd7 8.Bd3 
Bxd3 9.Qxd3 e6 10.Bd2 Bd6 11.O-O-O Ngf6 12.Ne4 Nxe4 13.Qxe4 Nf6 14.Qe2 O-O
15.Ne5 Nd7 16.g4 f6 17.Ng6 Re8 18.g5 Nf8 19.Nxf8 Bxf8 20.gxh6 gxh6 21.
Rhg1+ Kf7 22.Qh5+ Ke7 23.Bb4+ Kd7 24.Bxf8 Rxf8 25.Rg7+ Kc8 26.Qxh6 Rh8 27.
Rh7 Rxh7 28.Qxh7 Qd7 29.Qg8+ Qd8 30.Qxe6+ Kc7 31.d5 Qd6 32.Qf7+ Kb6 33.
dxc6 Qf4+ 34.Kb1 bxc6 35.Qb3+ Kc7 36.Qg3 Qxg3 37.fxg3 Rg8 38.Rd3 f5 39.Kc1
Rd8 40.Rxd8 Kxd8 41.Kd2 Ke7 42.Ke3 Kf6 43.Kf4 a5 44.h5 c5 45.h6 Kg6 46.h7 
Kxh7 47.Kxf5 Kg7 48.Ke5 Kg6 1-0

[Event "NIV-Colomiers2/Ste Foy"]
[Site "Colomiers"]
[Date "2007.11.25"]
[Round "2.5"]
[White "Barrera, Charles"]
[Black "Trier, Marc"]
[Result "1-0"]
[WhiteElo "1499"]
[BlackElo "1610"]
[EventDate "2007.??.??"]
[PlyCount "45"]

1.e4 e6 2.Nc3 d5 3.Nf3 c5 4.exd5 exd5 5.d4 c4 6.b3 Qa5 7.Bd2 Bb4 8.Nb1 c3 
9.Be3 Nf6 10.a3 Bd6 11.h3 O-O 12.Bd3 Re8 13.O-O Nc6 14.Re1 b5 15.Nxc3 Rxe3
16.Rxe3 b4 17.axb4 Qxb4 18.Ra4 Qb7 19.Ba6 Qb6 20.Bxc8 Rxc8 21.Ne2 Ne4 22.
c4 Bf4 23.Nxf4 1-0

[Event "NIV-Colomiers2/Ste Foy"]
[Site "Colomiers"]
[Date "2007.11.25"]
[Round "2.4"]
[White "Boulogne, Laurent"]
[Black "Quartermain, Mark"]
[Result "1-0"]
[WhiteElo "1870"]
[BlackElo "1790"]
[EventDate "2007.??.??"]
[PlyCount "25"]

1.c4 Nf6 2.g3 e6 3.Bg2 d5 4.cxd5 exd5 5.Nf3 c6 6.O-O Bd6 7.Nc3 Bf5 8.d3 
Nbd7 9.e4 dxe4 10.dxe4 Nxe4 11.Nxe4 Be7 12.Nd6+ Bxd6 13.Qxd6 1-0

[Event "NIV-Colomiers2/Ste Foy"]
[Site "Colomiers"]
[Date "2007.11.25"]
[Round "2.3"]
[White "Ranc, Florian"]
[Black "Moreau, Emilien"]
[Result "1-0"]
[WhiteElo "1860"]
[BlackElo "1914"]
[EventDate "2007.??.??"]
[PlyCount "69"]

1.b3 e5 2.Bb2 Nc6 3.e3 d5 4.Bb5 Bd6 5.Nf3 f6 6.O-O Ne7 7.c4 Be6 8.Nc3 dxc4
9.Bxc4 Bxc4 10.bxc4 O-O 11.Rb1 Na5 12.d3 b6 13.Nb5 e4 14.dxe4 Nxc4 15.Qb3 
Kh8 16.Qxc4 Bc5 17.Rfd1 Qc8 18.Ba3 a6 19.Na7 Rxa7 20.Bxc5 bxc5 21.Qxc5 Ra8
22.Qxe7 Re8 23.Qd7 Rxe4 24.Qxc8+ Rxc8 25.Rd7 Ra4 26.Rxc7 Rd8 27.Rd7 Rc8 
28.Rd2 h6 29.h3 Rc3 30.Rb7 Rc1+ 31.Kh2 a5 32.Rdd7 Rxa2 33.Rxg7 Rxf2 34.
Rgd7 Rc8 35.Nh4 1-0

[Event "NIV-Colomiers2/Ste Foy"]
[Site "Colomiers"]
[Date "2007.11.25"]
[Round "2.2"]
[White "Vialaret, Laurent"]
[Black "Blesing, René"]
[Result "0-1"]
[WhiteElo "2071"]
[BlackElo "1850"]
[EventDate "2007.??.??"]
[PlyCount "57"]

1.d4 Nf6 2.Nc3 d5 3.e4 dxe4 4.f3 Nc6 5.d5 Ne5 6.Qd4 Ng6 7.fxe4 e6 8.Bb5+ 
Bd7 9.dxe6 fxe6 10.Bg5 Bxb5 11.Nxb5 Qxd4 12.Nxd4 Nxe4 13.Nxe6 Nxg5 14.Nxg5
O-O-O 15.Ne2 Re8 16.Kd2 Bc5 17.Nf3 Rd8+ 18.Kc3 Rhe8 19.Ng3 a5 20.Rad1 b5 
21.Rxd8+ Rxd8 22.Ne4 Be7 23.a4 bxa4 24.Kc4 Nf4 25.Kb5 Rd5+ 26.Kc6 Rh5 27.
g4 Rh6+ 28.Kb5 Rb6+ 29.Kxa4 0-1

[Event "NIV-Colomiers2/Ste Foy"]
[Site "Colomiers"]
[Date "2007.11.25"]
[Round "2.1"]
[White "Blesing, Alicia"]
[Black "Noll, Dominique"]
[Result "0-1"]
[WhiteElo "1803"]
[BlackElo "2120"]
[EventDate "2007.??.??"]
[PlyCount "62"]

1.e4 e5 2.Nf3 d6 3.Bc4 Be7 4.c3 Nf6 5.d3 O-O 6.Be3 c6 7.Nbd2 b5 8.Bb3 Ng4 
9.O-O Nxe3 10.fxe3 Nd7 11.d4 Bf6 12.Rf2 c5 13.Nf1 c4 14.Bc2 Bb7 15.Ng3 g6 
16.Rd2 Qb6 17.Qe2 Rad8 18.h4 Bg7 19.h5 Bh6 20.Rdd1 Qc7 21.Kf2 Nf6 22.Nh2 
Bc8 23.Rf1 d5 24.exd5 Nxd5 25.e4 Nf4 26.Qf3 exd4 27.cxd4 Rxd4 28.Rad1 Qc5 
29.Rxd4 Qxd4+ 30.Ke1 Rd8 31.Qf2 Qxb2 0-1

[Event "N4, Blaye / Rodez"]
[Site "?"]
[Date "2007.11.25"]
[Round "?"]
[White "Cuq, Christian"]
[Black "Imhof, François"]
[Result "0-1"]
[WhiteElo "1700"]
[BlackElo "1580"]
[EventDate "2007.??.??"]
[PlyCount "88"]

1.e4 d6 2.Nf3 Nf6 3.Nc3 c6 4.Be2 Nbd7 5.d4 e5 6.Bg5 Be7 7.dxe5 Nxe5 8.Nxe5
dxe5 9.Qxd8+ Bxd8 10.O-O-O Be7 11.h3 h6 12.Bh4 O-O 13.Bg3 Bb4 14.Bxe5 Bxc3
15.Bxf6 Bxf6 16.f4 g6 17.g4 Be6 18.e5 Be7 19.h4 Rad8 20.g5 Rxd1+ 21.Bxd1 
h5 22.Be2 Rd8 23.Rh2 Bxa2 24.Bd3 Bd5 25.Re2 b5 26.f5 Bc4 27.Bxc4 bxc4 28.
f6 Bc5 29.e6 fxe6 30.Rxe6 Rd6 31.Re5 Rd5 32.Re6 Bd6 33.Re8+ Kf7 34.Rc8 c5 
35.Ra8 Bf4+ 36.Kb1 Rd7 37.Rh8 Bg3 38.Rh7+ Ke6 39.Rh6 Kf5 40.Rh8 Rf7 41.Re8
Bxh4 42.Re7 Rf8 43.Rc7 Bf2 44.Rxa7 Kxg5 0-1

[Event "N4, Blaye / Rodez"]
[Site "?"]
[Date "2007.11.25"]
[Round "?"]
[White "Gayraud, Christian"]
[Black "Besset, Thierry"]
[Result "0-1"]
[WhiteElo "1540"]
[BlackElo "1780"]
[EventDate "2007.??.??"]
[PlyCount "90"]

1.e4 e5 2.Nf3 Nc6 3.Bc4 Nf6 4.Ng5 d5 5.exd5 Na5 6.d3 h6 7.Nf3 Bc5 8.Nxe5 
Qe7 9.O-O O-O 10.Bf4 Bd4 11.c3 Bxe5 12.Re1 Nxc4 13.dxc4 Nd7 14.c5 f6 15.b4
Qf7 16.Be3 f5 17.Qd3 Re8 18.Nd2 f4 19.Bd4 Bxd4 20.Qxd4 Rxe1+ 21.Rxe1 Nf8 
22.Nf3 Bd7 23.Re4 g5 24.Ne5 Qf5 25.f3 Re8 26.Ng4 Rxe4 27.Nxh6+ Kh7 28.Nxf5
Rxd4 29.Nxd4 Kg7 30.b5 Kf6 31.c4 Ke5 32.Ne2 Bf5 33.Nc3 Kd4 34.Ne4 Bxe4 35.
fxe4 Kxe4 36.d6 cxd6 37.c6 bxc6 38.bxc6 Ne6 39.Kf2 Kd4 40.Kf3 Kc5 41.Ke4 
Kxc6 42.Kf5 Kc5 43.Kxe6 g4 44.Kf5 f3 45.gxf3 gxf3 0-1